1325 1667 1193 1595 1348 1345 1893 1083 1420 1515 1248 1950 1426 1666 1278 1361 1017 1400 1057 1053 1962 1934 1322 1528 1060 1754 1417 1395 1189 1992 1828 1070 1380 1055 1466 1843 1507 1281 1793 1572 1853 1162 1028 1113 1618 1685 1458 1289 1226 1274 1453 1120 1894 1790 1211 1540 1687 1334 1260 1932 1553 1322 1371 1848 1957 1290 1239 1370 1812 1819 1522 1087 1061 1923 1869 1199 1471 1433 1133 1440 1403 1500 1141 1775 1030 1977 1953 1761 1484 1336 1538 1776 1057 1851 1489 1280 1021 1535 1651 BCNSPRNW ULIB Ver.6.0+V

เปลี่ยนเป็นภาษาไทย

Change to English
 แสดงรายละเอียดบรรณานุกรม
  กลับหน้าหลัก

Brief Record : Get Marc (ISO 2709) : E-mail record : QR code < ปิดหน้าต่าง
LEADER : 00000nam 2200000uu 4500
001    13399108846
003     ULIB
008    110315s2552||||th 000 0 tha d
020    9786161101732
060 04 W225.JT3^bส691ค 2552
245 00 คู่มือหลักประกันสุขภาพแห่งชาติ ปีงบประมาณ 2553 /^cสำนักงานหลักประกันสุขภาพแห่งชาติ
246 30 คู่มือหลักประกันสุขภาพแห่งชาติ
250    พิมพ์ครั้งที่ 1
260    นนทบุรี :^bสำนักงาน,^c2552
300    259 หน้า ;^c21 ซม.
500    เลขเรียกหนังสือใช้ปีเนื้อหาของข้อมูล
500    สำหรับผู้บริหาร/ผู้ปฎิบัติงาน/ผู้สร้างหลักประกันสุขภาพถ้วนหน้า
650  7 บริการสุขภาพ^vคู่มือ
650  7 ประกันสุขภาพ^vคู่มือ
653    หลักประกันสุขภาพแห่งชาติ
710 2  สำนักงานหลักประกันสุขภาพแห่งชาติ
945    ^p0^l0^i026708
945    ^p0^l0^i026706
945    ^p0^l0^i026709
945    ^p0^l0^i026707
995    ทศพร
999 ^a ใช้งานได้ทุกระบบ
รายการนี้ยังไม่มีแท็ก
คุณยังไม่ได้ล็อกอิน คุณสามารถมีกิจกรรมร่วมกับเว็บไซต์ได้ แต่ต้องล็อกอินก่อน ::
  ล็อกอิน

รายการสื่อสารสนเทศ

ลำดับที่ ประเภท เลขเรียก/บาร์โค้ด สถานที่ สถานะ
- ไม่พบข้อมูล -

BibComment


ยังไม่เคยถูกคอมเมนท์

คอมเมนท์ทรัพยากรรายการนี้
  คอมเมนท์: คู่มือหลักประกันส..


 Copyright 2026. Bcnsprnw @Library